banner koha

Flora of Ceará, Brazil: Loranthaceae (Registro n. 338489)

MARC details
000 -LÍDER
fixed length control field 03365nab a2200301 i 4500
003 - CÓDIGO MARC DA AGÊNCIA CATALOGADORA
Campo de controle BR-BrBNA
005 - DATA E HORA DA ÚLTIMA ATUALIZAÇÃO
Campo de controle 20250930185143.0
008 - CAMPO DE TAMANHO FIXO
fixed length control field 250930b2022 bl.ar|pooa||| 00| 0 eng |
040 ## - FONTE DA CATALOGAÇÃO
Agência catalogadora BR-BrBNA
Idioma da catalogação eng
072 ## - CATEGORIA AGRIS
Código AGRIS F70
100 ## - ENTRADA PRINCIPAL - NOME PESSOAL
Nome pessoal Menezes, Marcelo Oliveira Teles de
100 ## - ENTRADA PRINCIPAL - NOME PESSOAL
Nome pessoal Stannard, Brian Leslie
100 ## - ENTRADA PRINCIPAL - NOME PESSOAL
Nome pessoal Caires, Claudenir Simões
100 ## - ENTRADA PRINCIPAL - NOME PESSOAL
Nome pessoal Loiola, Maria Iracema Bezerra
100 ## - ENTRADA PRINCIPAL - NOME PESSOAL
Nome pessoal Moro, Marcelo Freire
245 ## - TÍTULO PRINCIPAL
Título principal Flora of Ceará, Brazil: Loranthaceae
500 ## - NOTA GERAL
Nota geral Publicação on-line; 45 ref.; 11 illus.; Summaries (En, Pt)
942 ## - ADDED ENTRY ELEMENTS (KOHA)
Koha item type Analítica
520 ## - NOTA DE RESUMO
Nota de conteúdo <br/><br/>Abstract<br/><br/>This study provides a taxonomic treatment for the species of Loranthaceae in the state of Ceará, Northeastern<br/>Brazil. The survey was made based on the previous consultation of virtual herbaria, in loco visits, material<br/>loans, and photographs of diagnostic traits sent by herbarium curators. Morphological traits and geographic<br/>coordinates of all specimens collected in the State were recorded to prepare the distribution maps, identification<br/>key, and taxonomic descriptions for each taxon. A total of 184 specimens (discounting duplicates) from<br/>30 herbaria were studied. Eight species are recorded for Ceará: Passovia pedunculata, Passovia pyrifolia, <br/>Psittacanthus cordatus, Psittacanthus dichroos, Psittacanthus eucalyptifolius, Struthanthus marginatus, <br/>Struthanthus polyrrhizus, and Struthanthus syringifolius. None are included in the IUCN Red List. However,<br/>four of them were collected inside protected areas (i.e., Passovia pedunculata, Psittacanthus cordatus, S.<br/>polyrrhizus, and S. syringifolius).<br/><br/>Key words: biodiversity, Caatinga, mistletoe, semiarid, taxonomy.<br/><br/><br/><br/><br/><br/>Resumo<br/><br/>Este estudo traz um tratamento taxonômico das espécies de Loranthaceae no estado do Ceará, nordeste do<br/>Brasil. O levantamento foi feito a partir de consulta prévia em herbários virtuais, visitas in loco, material<br/>de empréstimo e fotografias de caracteres diagnósticos enviadas por curadores de herbários. Características<br/>morfológicas e coordenadas geográficas de todos os espécimes coletados no estado foram registradas para<br/>elaborar mapas de distribuição, uma chave de identificação e descrições taxonômicas de cada táxon. Foram<br/>estudados um total de 184 espécimes (excluindo duplicatas) de 30 herbários. Foram registradas oito espécies no<br/>Ceará: Passovia pedunculata, Passovia pyrifolia, Psittacanthus cordatus, Psittacanthus dichroos, Psittacanthus<br/>eucalyptifolius, Struthanthus marginatus, Struthanthus polyrrhizus e Struthanthus syringifolius. Nenhuma<br/>delas é citada na Lista Vermelha da IUCN. No entanto, quatro delas foram coletadas dentro de Unidades de<br/>Conservação (Passovia pedunculata, Psittacanthus cordatus, S. polyrrhizus e S. syringifolius).<br/><br/>Palavras-chave: biodiversidade, Caatinga, erva-de-passarinho, semiárido, taxonomia.
650 ## - ASSUNTO - THESAGRO
Cabeçalho tópico ou nome geográfico BIODIVERSIDADE
650 ## - ASSUNTO - THESAGRO
Cabeçalho tópico ou nome geográfico CAATINGA
650 ## - ASSUNTO - THESAGRO
Cabeçalho tópico ou nome geográfico ERVA DE PASSARINHO
650 ## - ASSUNTO - THESAGRO
Cabeçalho tópico ou nome geográfico CLIMA SEMIÁRIDO
650 ## - ASSUNTO - THESAGRO
Cabeçalho tópico ou nome geográfico TAXONOMIA
773 0# - ENTRADA ANALÍTICA
Host Biblionumber 709
Registro do item 357916
Imprenta Rio de Janeiro-RJ Jardim Botanico do Rio de Janeiro 1935
Outro identificador 2025-5881
Título Rodriguésia (Brazil)
ISSN 0370-6583; 2175-7860 on-line
Colação v. 73 p. 1-18; (2022)
Número de controle de registro BR2025002622
856 ## - ACESSO E ENDEREÇO ELETRÔNICO
Identificador uniforme de recurso - URI https://www.scielo.br/j/rod/a/9tgkMfLsx6Zhb9GsXCtgh5g/?format=pdf&lang=en

Nenhum exemplar disponível.

BINAGRI

Telefone: (61)3218-2567/2388/3357/2097 - binagri@agro.gov.br

Ministério da Agricultura e Pecuária , Esplanada dos Ministérios, Bloco D, Anexo B, Brasília/DF, CEP: 70.043-900